000 02322cab a2200289 ab4500
005 20241021114449.0
008 991125c2018 sp tr p o 000 0 spa d
035 _aUPN01000228238
040 _aMX-MxUPN
_bspa
_cMX-MxUPN
049 _aART-E
100 1 _aBartolomei Torres, Pierette
_6- pierette18@correo.ugr.es
100 1 _aAguaded Ramírez, Eva María
245 1 0 _aAplicación e impacto de las inteligencias múltiples en la enseñanza de lenguas extranjeras
506 0 _aAcceso abierto
520 3 _aEn 1983 Howard Gardner publicó en su libro, Estructuras de la Mente, una teoría que revolucionó la visión del mundo académico, sobre el concepto de inteligencia. Desde entonces, sigue creando incertidumbres, que abren paso a diferentes investigaciones. El enfoque del siguiente estudio fue observar la existencia de la relación entre la aplicación de estrategias que hacen uso de la Teoría de las Inteligencias Múltiples (TIM) y el desarrollo de tres de los ocho tipos existentes; estas fueron la inteligencia verbal lingüística, la inteligencia intrapersonal y la inteligencia interpersonal. Esta aplicación fue realizada mediante la Enseñanza de una Lengua Extranjera (ELE), en este caso el inglés. Durante el estudio también se investigó la relación entre el uso de estas estrategias con la mejora del proceso de aprendizaje de la ELE. La recolección de datos fue realizada, mediante el uso de pre y post prueba; estos datos fueron analizados estadísticamente. Los resultados revelaron que no hubo diferencias significativas en los grupos estudiados, por lo que se concluye que es necesaria una intervención más a largo plazo, para producir el desarrollo de las IM y comprobar la mejora en el aprendizaje de la lengua extranjera. REIFOP
650 7 _aInteligencias múltiples
_9171
653 0 _aEnseñanza de idiomas
653 0 _aInteligencia verbal
653 0 _aInteligencia intrapersonal
653 0 _aInteligencia interpersonal
773 _gVol. 21, no. 1 (2018), p. 95-114
_tREIFOP: revista electrónica interuniversitaria de formación del profesorado
_x1575-0965
856 4 _uhttps://revistas.um.es/reifop/article/view/281841
856 4 _u https://doi.org/10.6018/reifop.21.1.281841
902 _aLeonor Sotres/211024
905 _aArticulo
942 _cART-E
999 _c200333
_d200333